Online katalóg knižníc regiónu Turca

Elin čarovný náramok (Record no. 22697)

MARC details
000 -LEADER
fixed length control field 01808cam a2200481 4500
001 - CONTROL NUMBER
control field 22697
003 - CONTROL NUMBER IDENTIFIER
control field SK-KTurca
005 - DATE AND TIME OF LATEST TRANSACTION
control field 20260420163452.0
008 - FIXED-LENGTH DATA ELEMENTS--GENERAL INFORMATION
fixed length control field 210624s2020 xo a br 010 j slo
015 ## - NATIONAL BIBLIOGRAPHY NUMBER
National bibliography number SNBA2020/03
020 ## - INTERNATIONAL STANDARD BOOK NUMBER
International Standard Book Number 9788055170084
Qualifying information (brožované)
035 ## - SYSTEM CONTROL NUMBER
System control number 13C87409-C87A-4D70-9EAB-E5ADEDE07C91
035 ## - SYSTEM CONTROL NUMBER
System control number urn:nbn:sk:snk-am3ify7
035 ## - SYSTEM CONTROL NUMBER
System control number urn:nbn:sk:snk-am00e8ti
040 ## - CATALOGING SOURCE
Original cataloging agency SVKBB
Language of cataloging slo
Transcribing agency SVKBB
Modifying agency SNK
Description conventions rda
041 1# - LANGUAGE CODE
Language code of text/sound track or separate title slo
Language code of original eng
044 ## - COUNTRY OF PUBLISHING/PRODUCING ENTITY CODE
MARC country code xo
ISO country code SK
072 #7 - SUBJECT CATEGORY CODE
Subject category code 821.111
Subject category code subdivision Anglická literatúra, anglicky písaná
Source konspekt
072 #7 - SUBJECT CATEGORY CODE
Subject category code 821-93
Subject category code subdivision Literatúra pre deti a mládež (beletria)
Source konspekt
080 ## - UNIVERSAL DECIMAL CLASSIFICATION NUMBER
Universal Decimal Classification number 821.111-32
Edition identifier 2011
080 ## - UNIVERSAL DECIMAL CLASSIFICATION NUMBER
Universal Decimal Classification number 82-93-053.4/.5
Edition identifier 2011
100 1# - MAIN ENTRY--PERSONAL NAME
Personal name Ennis-Hill, Jessica,
Dates associated with a name 1986-
Relationship aut
240 10 - UNIFORM TITLE
Uniform title Evie's Magic Bracelet: The Silver Unicorn
Language of a work Slovensky
245 10 - TITLE STATEMENT
Title Elin čarovný náramok
Number of part/section of a work 1
Name of part/section of a work Strieborný jednorožec
Statement of responsibility, etc. Jessica Ennis-Hill a Elen Caldecott ; ilustrovala Erica-Jane Waters ; z anglického originálu Evie's Magic Bracelet: The Silver Unicorn ... preložila Eva Budjačová
246 30 - VARYING FORM OF TITLE
Title proper/short title Strieborný jednorožec
250 ## - EDITION STATEMENT
Edition statement Prvé vydanie
264 #1 - PRODUCTION, PUBLICATION, DISTRIBUTION, MANUFACTURE, AND COPYRIGHT NOTICE
Place of production, publication, distribution, manufacture Bratislava
Name of producer, publisher, distributor, manufacturer Ikar, a.s. - Stonožka
Date of production, publication, distribution, manufacture, or copyright notice 2020
300 ## - PHYSICAL DESCRIPTION
Extent 135 strán
Other physical details ilustrácie
Dimensions 20 cm
336 ## - CONTENT TYPE
Content type term text
Content type code txt
Source rdacontent
337 ## - MEDIA TYPE
Media type term bez média
Media type code n
Source rdamedia
338 ## - CARRIER TYPE
Carrier type term zväzok
Carrier type code nc
Source rdacarrier
500 ## - GENERAL NOTE
General note Obsahuje biografické údaje
521 8# - TARGET AUDIENCE NOTE
Target audience note Pre deti od 5 rokov
655 #7 - INDEX TERM--GENRE/FORM
Genre/form data or focus term anglické príbehy
Source of term SNKPH
655 #7 - INDEX TERM--GENRE/FORM
Genre/form data or focus term literatúra pre deti
Source of term SNKPH
655 #7 - INDEX TERM--GENRE/FORM
Genre/form data or focus term English stories
Source of term SNKPHeng
655 #7 - INDEX TERM--GENRE/FORM
Genre/form data or focus term Children's literature
Source of term SNKPHeng
700 1# - ADDED ENTRY--PERSONAL NAME
Personal name Caldecott, Elen
Relationship aut
700 1# - ADDED ENTRY--PERSONAL NAME
Personal name Waters, Erica-Jane,
Dates associated with a name 1975-
Relationship ill
700 1# - ADDED ENTRY--PERSONAL NAME
Personal name Budjačová, Eva
Relationship trl
787 08 - OTHER RELATIONSHIP ENTRY
Relationship information Zo série:
Title Elin čarovný náramok
Related parts 1
942 ## - ADDED ENTRY ELEMENTS (KOHA)
Source of classification or shelving scheme Dewey Decimal Classification
Koha item type Krásna literatúra pre deti
Suppress in OPAC No
Holdings
Stav vyradenia Strata Poškodenie Spôsob nadobudnutia Domovská knižnica Aktuálna knižnica Dátum nadobudnutia Total checkouts Čiarový kód exemplára Date last seen Typ exemplára
      Dar Mestská knižnica Turany Mestská knižnica Turany 20.04.2026   4712401330 20.04.2026 Krásna literatúra pre deti
Projekt je podporený Slovenskou asociáciou knižníc
Prevádzkuje Turčianska knižnica Martin 2026